World Cities: Largest Non-Coastal Cities - Statistics

General Stats
  • This quiz has been taken 132 times
  • The average score is 16 of 24
Answer Stats
Closest Coastline City % Correct
English Channel Paris
89%
Gulf of Mexico Mexico City
88%
Arabian Sea Delhi
86%
Bohai Sea Beijing
85%
Red Sea Cairo
85%
North Sea London
85%
Baltic Sea Moscow
85%
Persian Gulf Tehran
83%
Bay of Bengal Dhaka
76%
Persian Gulf Riyadh
76%
North Atlantic Chicago
71%
Persian Gulf Baghdad
64%
Arabian Sea Lahore
64%
Arabian Sea Bangalore
63%
Bay of Bengal Kolkata
63%
South Atlantic São Paulo
63%
South Atlantic Kinshasa
60%
Bay of Bengal Hyderabad
59%
North Pacific Bogotá
55%
East China Sea Wuhan
55%
Gulf of Khambhat Ahmedabad
46%
South Pacific Santiago
46%
Arabian Sea Pune
34%
South Atlantic Belo Horizonte
25%
No matching quizzes found
Score Distribution
Percent of People with Each Score
Percentile by Number Answered
Your Score History
You have not taken this quiz